书目信息 |
| 题名: |
国家司法考试名家专题
|
|
| 作者: | 席志国 编著 | |
| 分册: | 民法、商法经济法学卷 | |
| 出版信息: | 北京 中国人民公安大学出版社 2006.04 |
|
| 页数: | 414页 | |
| 开本: | 23cm | |
| 丛书名: | ||
| 单 册: | ||
| 中图分类: | D923.05 , D923.99 | |
| 科图分类: | ||
| 主题词: | 民法--min fa--法律工作者--资格考核--中国--自学参考资料 , 经济法--jing ji fa--法律工作者--资格考核--中国--自学参考资料 | |
| 电子资源: | ||
| ISBN: | 7-81109-367-7 | |
| 000 | 01122nam0 2200289 450 | |
| 001 | 012006898196 | |
| 005 | 20061205154238.57 | |
| 010 | @a7-81109-367-7@dCNY76.00 | |
| 100 | @a20061101d2006 km y0chiy0120 ea | |
| 101 | 0 | @achi |
| 102 | @aCN@b110000 | |
| 105 | @aa z 000yy | |
| 200 | 1 | @a国家司法考试名家专题@Aguo jia si fa kao shi ming jia zhuan ti@i民法、商法经济法学卷@i民法@f席志国编著 |
| 210 | @a北京@c中国人民公安大学出版社@d2006.04 | |
| 215 | @a414页@c图@d23cm | |
| 300 | @a根椐06最新大纲编著 | |
| 330 | @a本书简明扼要、直击考点,书中还穿插着教师总结的各种“小口诀”,让考生轻松记忆、冯轻负担;内容按以下结构编排:章节标题——知识体系——考点及实际——重点法条。 | |
| 333 | @aLG400司法考试培训学校专用教材 | |
| 517 | 1 | @a民法、商法经济法学卷@Amin fa、shang fa jing ji fa xue juan |
| 517 | 1 | @a民法@Amin fa |
| 606 | 0 | @a民法@Amin fa@x法律工作者@x资格考核@y中国@j自学参考资料 |
| 606 | 0 | @a经济法@Ajing ji fa@x法律工作者@x资格考核@y中国@j自学参考资料 |
| 690 | @aD923.05@v4 | |
| 690 | @aD923.99@v4 | |
| 701 | 0 | @a席志国@Axi zhi guo@4编著 |
| 801 | 0 | @aCN@c20061205 |
| 905 | @a10447@dD923.05@eX158 | |
| 国家司法考试名家专题.民法、商法经济法学卷.民法/席志国编著.-北京:中国人民公安大学出版社,2006.04 |
| 414页:图;23cm |
| 根椐06最新大纲编著.-使用对象:LG400司法考试培训学校专用教材 |
| ISBN 7-81109-367-7:CNY76.00 |
| 本书简明扼要、直击考点,书中还穿插着教师总结的各种“小口诀”,让考生轻松记忆、冯轻负担;内容按以下结构编排:章节标题——知识体系——考点及实际——重点法条。 |
| ● |
| 相关链接 |
|
|
|
正题名:国家司法考试名家专题
索取号:D923.05/X158
 
预约/预借
| 序号 | 登录号 | 条形码 | 馆藏地/架位号 | 状态 | 备注 |
| 1 | 225126 | 202251268 | 社科库509/509社科库 91排8列5层/ [索取号:D923.05/X158] | 在馆 | |
| 2 | 225127 | 202251277 | 社科库509/509社科库 91排8列5层/ [索取号:D923.05/X158] | 在馆 |